Lieux et monuments nommés d'après Jeanne d'Arc à Paris - Statistiques

Statistiques générales
  • Ce quiz a été pris 16 fois
  • Le résultat moyen est 5 sur 18
Statistiques - réponses
Lieux Nom % Correct
13° arrondissement Place Jeanne d'Arc
87%
13° arrondissement Rue Jeanne d'Arc
87%
Place des Pyramides Statue de Sainte Jeanne d'Arc
73%
Place Saint Augustin Statue équestre de Jeanne d'Arc (Paul Dubois)
73%
Boulevard Saint-Marcel Statue Jeanne d'Arc, libératrice de la France
73%
Quartier de la Chapelle Basilique Sainte-Jeanne-d'Arc de Paris
27%
13º arrondissement Ecole maternelle Jeanne d'Arc
13%
13º arrondissement École primaire publique Jeanne d'Arc
13%
Le Marais Hotel Jeanne d'Arc Le Marais Paris
13%
13º arrondissement Bureau de poste PARIS JEANNE D'ARC
7%
13º arrondissement Agence Paris Jeanne d'Arc
0%
Quartier de la Gare Caisse d'Epargne Paris Jeanne d'Arc
0%
13º arrondissement Carrefour Bio PARIS Jeanne d'Arc
0%
14° arrondissement Chapelle Sainte-Jeanne-d'Arc
0%
Quartier de la Gare Clinique Jeanne d'Arc
0%
13º arrondissement Crédit Agricole Paris Jeanne d'Arc
0%
13º arrondissement PICARD Jeanne d'Arc
0%
13º arrondissement QUINCAILLERIE JEANNE D ARC
0%
Aucun quiz correspondant
Distribution des résultats
% des personnes avec chaque résultat
Percentile par nombre de réponses
Votre historique - résultats
Vous n’avez pas pris ce quiz